[Event "Madrid-ch Seniors 50"]
[Site "Madrid"]
[Date "2022.04.04"]
[Round "6"]
[White "Fiz Criado, Fidel"]
[Black "Lobato Palomo, Manuel"]
[Result "1-0"]
[WhiteElo "1861"]
[BlackElo "1716"]
[PlyCount "79"]
[EventDate "2022.03.28"]
[EventType "swiss"]
[EventRounds "9"]
[EventCountry "ESP"]
[SourceTitle "EXT 2023"]
[Source "ChessBase"]
[SourceDate "2022.10.05"]
[SourceVersion "1"]
[SourceVersionDate "2022.10.05"]
[SourceQuality "1"]

1. e4 e6 2. d4 d5 3. Nc3 Nc6 4. exd5 exd5 5. Nf3 Bb4 6. Bd3 Nge7 7. 0-0 0-0 8. a3 Bxc3 9. bxc3 Bf5 10. Be2 Ng6 11. c4 Nce7 12. Bg5 f6 13. Be3 Qd6 14. c5 Qd7 15. c4 Kh8 16. Qb3 c6 17. Nd2 Rfe8 18. cxd5 Nxd5 19. Nc4 Ndf4 20. Rfe1 Nxe2+ 21. Rxe2 Be6 22. Qb4 Bxc4 23. Qxc4 Re7 24. Rb2 Qg4 25. h3 Qe4 26. Qc2 Qd5 27. g3 Rae8 28. Qd1 f5 29. Qh5 Qe4 30. Rab1 f4 31. gxf4 Nxf4 32. Qg4 g5 33. Kh2 Rg8 34. Rxb7 Rxb7 35. Rxb7 h5 36. Qg3 Ne2 37. Qe5+ Qxe5+ 38. dxe5 g4 39. e6 Nc3 40. Bd4+ 1-0

[Event "Madrid-ch Seniors 50"]
[Site "Madrid"]
[Date "2022.03.28"]
[Round "1"]
[White "Luque Ibanez, Manuel"]
[Black "Lobato Palomo, Manuel"]
[Result "1-0"]
[WhiteElo "1966"]
[BlackElo "1716"]
[PlyCount "63"]
[EventDate "2022.03.28"]
[EventType "swiss"]
[EventRounds "9"]
[EventCountry "ESP"]
[SourceTitle "EXT 2023"]
[Source "ChessBase"]
[SourceDate "2022.10.05"]
[SourceVersion "1"]
[SourceVersionDate "2022.10.05"]
[SourceQuality "1"]

1. Nf3 d5 2. d4 Nf6 3. Bf4 e6 4. e3 c5 5. c3 Nc6 6. Nbd2 Bd6 7. Bg3 0-0 8. Bd3 b6 9. Ne5 Bb7 10. f4 Ne7 11. Qf3 Ng6 12. h4 Nd7 13. 0-0-0 Bxe5 14. fxe5 f5 15. h5 Nh8 16. Bh4 Qe8 17. g4 Nf7 18. Qg3 fxg4 19. Rdg1 Nh6 20. Bg5 Nf5 21. Qxg4 Rf7 22. Rh3 Kh8 23. Rf3 h6 24. Bf4 Qe7 25. Nf1 Raf8 26. Qg6 Rg8 27. Bxh6 Nf8 28. Bg5 Nxg6 29. hxg6 Rgf8 30. Rh1+ Kg8 31. Rfh3 Rf6 32. Rh8# 1-0

[Event "Madrid Codes Memorial 13th"]
[Site "Madrid"]
[Date "2019.04.14"]
[Round "3.3"]
[White "Alonso Gutierrez, Anastasio"]
[Black "Lobato Palomo, Manuel"]
[Result "1-0"]
[WhiteElo "1751"]
[BlackElo "1717"]
[PlyCount "85"]
[EventDate "2019.03.31"]
[EventType "swiss"]
[EventRounds "9"]
[EventCountry "ESP"]
[SourceTitle "EXT 2024"]
[Source "ChessBase"]
[SourceDate "2023.10.10"]
[SourceVersion "1"]
[SourceVersionDate "2023.10.10"]
[SourceQuality "1"]

1. c4 e5 2. Nc3 Nf6 3. g3 d5 4. cxd5 Nxd5 5. Bg2 Nb6 6. Nf3 Nc6 7. 0-0 Be7 8. d3 0-0 9. Be3 Be6 10. a4 Nd5 11. a5 Nxe3 12. fxe3 f6 13. d4 exd4 14. exd4 Nb4 15. e4 Qd7 16. d5 Bf7 17. Kh1 Rfd8 18. Nd4 c6 19. Nf5 cxd5 20. exd5 Bf8 21. Qg4 Nxd5 22. Nh6+ Kh8 23. Qxd7 Rxd7 24. Nxf7+ Rxf7 25. Bxd5 Rd7 26. a6 Rb8 27. axb7 Rxd5 28. Nxd5 Rxb7 29. b4 h6 30. Ra4 Bd6 31. Rfa1 Bb8 32. Rc1 Be5 33. Rc8+ Kh7 34. Kg2 Rd7 35. Ra5 h5 36. Kf3 g5 37. Ke4 Kg7 38. Kf5 h4 39. gxh4 gxh4 40. h3 Bd4 41. Rc7 Rxc7 42. Nxc7 Bb6 43. Ne6+ 1-0

[Event "Mem op Francisco Codes 12th"]
[Site "Madrid"]
[Date "2018.05.27"]
[Round "7.8"]
[White "Lobato Palomo, Manuel"]
[Black "Jimenez Manzano, Emiliano"]
[Result "1-0"]
[WhiteElo "1630"]
[BlackElo "1579"]
[PlyCount "185"]
[EventDate "2018.04.08"]
[EventType "swiss"]
[EventRounds "9"]
[EventCountry "ESP"]
[SourceTitle "EXT 2024"]
[Source "ChessBase"]
[SourceDate "2023.10.10"]
[SourceVersion "1"]
[SourceVersionDate "2023.10.10"]
[SourceQuality "1"]

1. e4 c6 2. d4 d5 3. exd5 cxd5 4. c4 e6 5. Nf3 Nf6 6. Nc3 Bb4 7. Bd3 dxc4 8. Bxc4 0-0 9. 0-0 Nc6 10. Bg5 h6 11. Bf4 a6 12. a3 Ba5 13. Re1 b5 14. Bb3 Bb7 15. Qd2 Ne7 16. Qd3 Ng6 17. Be5 Bc7 18. Bxc7 Qxc7 19. Bc2 Nf4 20. Qd1 Rad8 21. Ne4 Nxe4 22. Bxe4 Bxe4 23. Rxe4 Nd5 24. Rc1 Qb7 25. Re2 Rc8 26. Rec2 b4 27. Ne5 bxa3 28. bxa3 Qb3 29. Nc4 Qb8 30. g3 Rc7 31. Ne5 Rfc8 32. Qd3 Rxc2 33. Rxc2 Rxc2 34. Qxc2 Qc7 35. Qxc7 Nxc7 36. a4 f6 37. Nc6 Kf7 38. Kf1 Ke8 39. Ke2 Kd7 40. Nb4 Kd6 41. Kd3 a5 42. Na2 Na6 43. Kc4 Nb8 44. Nc3 Kc6 45. f4 Nd7 46. d5+ exd5+ 47. Nxd5 g5 48. Ne7+ Kd6 49. Nf5+ Kc6 50. Nxh6 Nb6+ 51. Kb3 gxf4 52. gxf4 Kd5 53. Ng4 f5 54. Nf2 Nc8 55. h4 Ne7 56. h5 Ng8 57. Kc3 Nh6 58. Nd3 Ng4 59. Ne5 Nh6 60. Nc4 Ke4 61. Nxa5 Kxf4 62. Nc6 Kg5 63. a5 Nf7 64. a6 Nd6 65. Nd4 Nc8 66. h6 Kxh6 67. Nxf5+ Kg5 68. Ne7 Na7 69. Kc4 Kf6 70. Nd5+ Ke6 71. Kc5 Kd7 72. Kb6 Nc8+ 73. Kb7 Nd6+ 74. Kb8 Nb5 75. Nc3 Nc7 76. a7 Kc6 77. Nd5 Nxd5 78. a8Q+ Kd6 79. Qa3+ Ke5 80. Kb7 Ke4 81. Kc6 Ne3 82. Qb3 Kf4 83. Kd6 Nf5+ 84. Kd5 Ne3+ 85. Ke6 Ke4 86. Qb4+ Kf3 87. Ke5 Ng4+ 88. Kf5 Ne3+ 89. Kg5 Ke2 90. Qc3 Nd1 91. Qc2+ Ke1 92. Kf4 Nf2 93. Kf3 1-0

[Event "Madrid Codes Memorial 11th"]
[Site "Madrid"]
[Date "2017.04.02"]
[Round "1"]
[White "Lobato Palomo, Manuel"]
[Black "Andalon Gomez, Carlos Jesus"]
[Result "0-1"]
[WhiteElo "1655"]
[BlackElo "1983"]
[PlyCount "74"]
[EventDate "2017.04.02"]
[EventType "swiss"]
[EventRounds "9"]
[EventCountry "ESP"]
[SourceTitle "EXT 2019"]
[Source "ChessBase"]
[SourceDate "2018.10.10"]
[SourceVersion "1"]
[SourceVersionDate "2018.10.10"]
[SourceQuality "1"]

1. e4 c6 2. d4 d5 3. exd5 cxd5 4. c4 Nf6 5. Nc3 e6 6. Nf3 Be7 7. c5 0-0 8. Bd3 b6 9. b4 a5 10. Ba3 axb4 11. Bxb4 bxc5 12. dxc5 Na6 13. a3 Nxc5 14. Be2 Nfe4 15. 0-0 Bd7 16. Ne5 Nxc3 17. Bxc3 Ba4 18. Qe1 Nb3 19. Ra2 Qc7 20. Bd3 Rfc8 21. Rc2 Nd4 22. Rc1 Bxa3 23. Bb2 Nc2 24. Rxc2 Bxc2 25. Bxa3 Bxd3 26. Nxd3 Rxa3 27. Ne5 Qc3 28. Qe2 Ra1 29. g3 Rxf1+ 30. Kxf1 d4 31. Qh5 Qa1+ 32. Kg2 Qa8+ 33. Kh3 g6 34. Qh6 Qe4 35. f4 Qf5+ 36. g4 Rc3+ 37. Kh4 g5+ 0-1